Sosnowiec - quiz wielokrotnego wyboru - Statystyki

Ogólne statystyki
  • Ten quiz został rozwiązany 66 razy
  • Średni wynik to 7 z 10
Statystyki odpowiedzi
Zagadnienie Odpowiedź % Poprawnych
W jakim województwie leży Sosnowiec? Śląskie
98%
Na jakim terenie historycznym leży Sosnowiec? Zagłębie Dąbrowskie
93%
Do jakiej konurbacji należy Sosnowiec? Górnośląska
89%
Jakie złoża mineralne wydobywano historycznie w Sosnowcu? Węgiel kamienny
85%
Z którym z tych miast Sosnowiec NIE graniczy? Chorzów
80%
Który z tych artystów pochodzi z Sosnowca? Jan Kiepura
67%
Jakie narzędzie znajduje się na herbie Sosnowca? Młot
58%
Jak nazywa się najwyższy budynek w Sosnowcu? Żyleta
56%
Która z flag to flaga Sosnowca?
55%
Które z tych dużych marokańskich miast jest miastem partnerskim Sosnowca? Casablanca
40%
Nie znaleziono quizów pasujących do podanych kryteriów
Rozkład punktacji
Procent ludzi z każdym wynikiem
Percentyl według liczby udzielonych odpowiedzi
Twoja historia wyników
Nie rozwiązałeś tego quizu